| 000 | 00393nam a2200157Ia 4500 | ||
|---|---|---|---|
| 008 | 220204s9999 xx 000 0 und d | ||
| 082 |
_a678 _bSOL |
||
| 100 | _aSolomon, D H | ||
| 245 | 0 | _aChemistry of organic film formers | |
| 260 |
_aNew York _bKrieger Pub Co _c1977 |
||
| 650 | _aEpoxy resins | ||
| 650 | _aGlyceride oils | ||
| 650 | _aPolyurethane | ||
| 650 | _aVarnishes | ||
| 942 | _cBK | ||
| 999 |
_c32411 _d32411 |
||